Nitra celkový pohľad : budova OV KSS : Obchodný dom Jednota : Hrad, národná kultúrna pamiatka

Zobrazenie: Štyri čiastkové pohľady, každý v bielom orámovaní, všetky spolu v striebornom orámovaní. Uprostred dole je medzi pohľadmi bielym písmom názov, pod ním je biely ornament na striebornom podklade. Pohľad na mesto z výšky, vpravo je rieka Nitra, vľavo vidno budovy msta, medzi nimi vpravo v p...

Celý popis

Podrobná bibliografia
Ďalší autori: Koiš, Ľudovít (fotograf) (Fotograf), Šmátrala, Milan (fotograf) (Fotograf), Šmátralová, Vlasta (fotografka) (Fotograf)
Médium: Fotografia
Jazyk:slovenčina
Fyzický popis:1 pohľadnica (4 čiastkové pohľady) farebná 11 x 15 cm
Vydavateľské údaje: Bratislava Pravda 1990
Predmet:

MARC

LEADER 00000ckm a2200000 a 4500
001 vtls001207732
003 SK-MaSNL
005 20260331202809.0
007 kf co
008 231121s1990 xo g 0kuslo
015 |a SNBG1990 
035 |a SNK000150802 
035 |a 423C5912-D01E-4703-A0C6-E04155D5A874 
035 |a urn:nbn:sk:snk-km00gizk 
040 |a SNK  |b slo  |c SNK  |e AACR2 
041 0 |a slo 
043 |a e-xo--- 
044 |a xo  |c SK 
072 7 |a 913  |x Regionálna geografia  |2 konspekt 
080 |a 913(437.6)  |2 2011 
080 |a 728.81  |2 2011 
080 |a 726:27-523.42  |2 2011 
080 |a 725.1:339.372.2  |2 2011 
080 |a 721  |2 2011 
080 |a 556.53  |2 2011 
080 |a 551.24.055  |2 2011 
080 |a 502.51  |2 2011 
080 |a (282.243)  |2 2011 
080 |a 35  |2 2011 
080 |a 908(437.6)  |2 2011 
080 |a 904:72  |2 2011 
080 |a 904(084.121)  |2 2011 
100 1 |a Koiš, Ľudovít  |c (fotograf)  |4 pht  |9 283317 
245 1 0 |a Nitra  |h grafika  |b celkový pohľad : budova OV KSS : Obchodný dom Jednota : Hrad, národná kultúrna pamiatka  |c foto Ľudovít Koiš, Milan Šmátrala, Vlasta Šmátralová 
246 1 |i Názov na obrazovej časti:  |a Nitra 
260 |a Bratislava  |b Pravda  |c 1990  |e [Bratislava]  |f TZP-B 
300 |a 1 pohľadnica (4 čiastkové pohľady)  |b farebná  |c 11 x 15 cm 
520 8 |a Zobrazenie: Štyri čiastkové pohľady, každý v bielom orámovaní, všetky spolu v striebornom orámovaní. Uprostred dole je medzi pohľadmi bielym písmom názov, pod ním je biely ornament na striebornom podklade. Pohľad na mesto z výšky, vpravo je rieka Nitra, vľavo vidno budovy msta, medzi nimi vpravo v pozadí vidno Kostol reformovanej cirkvi a vľavo v diaľke je Nitriansky hrad. Za mestom je vrch Zobor. Pohľad na budovu OV KSS, dnes Mestský úrad, v popredí je ihličnatý strom, vľavo od neho vidno časť ďalšieho. Vľavo hore zasahuje do záberu konár listntatého stromu. Pohľad na trávnatú plochu v popredí, v pozadí za ňou vidno obchodný dom Progres, za ním vyčnieva výškový panelový dom. Vľavo vidno v pozadí časť Hotela Nitra, dnes Študentského domova Univerzity Konštantína Fiozofa. Pohľad na Nitriansky hrad, na husto zarastenom hradnom kopci 
610 2 7 |a Nitriansky hrad  |2 SNKKA  |9 165089 
610 2 7 |a Kostol reformovanej kresťanskej cirkvi (Nitra, Slovensko)  |2 SNKKA  |9 189082 
610 1 7 |a Nitra (Slovensko).  |b Mestský úrad  |2 SNKKA  |9 111333 
650 0 7 |a rieky  |2 SNKPH  |9 29644 
650 0 7 |a vrchy a štíty  |2 SNKPH  |9 165131 
650 0 7 |a kostoly  |2 SNKPH  |9 3023 
650 0 7 |a hrady  |2 SNKPH  |9 3039 
650 0 7 |a budovy  |2 SNKPH  |9 1283 
650 0 7 |a úrady a inštitúcie  |2 SNKPH  |9 31014 
650 0 7 |a obchodné domy  |2 SNKPH  |9 3005 
650 0 7 |a národné kultúrne pamiatky  |2 SNKPH  |9 31192 
651 7 |a Nitra (Slovensko)  |2 SNKPHgeo  |9 15714 
651 7 |a Nitra (Slovensko : rieka)  |2 SNKPHgeo  |9 56326 
651 7 |a Zobor (Tribeč, Slovensko : vrch)  |2 SNKPHgeo  |9 83955 
655 7 |a miestne pohľadnice  |2 SNKPH  |9 70510 
655 7 |a geografické pohľadnice  |2 SNKPH  |9 70522 
655 7 |a pohľadnice kultúrnych pamiatok  |2 SNKPH  |9 70523 
700 1 |a Šmátrala, Milan  |c (fotograf)  |4 pht  |9 164919 
700 1 |a Šmátralová, Vlasta  |c (fotografka)  |4 pht  |4 pht  |9 283285 
852 |a Slovenská národná knižnica 
958 |a GBN 
958 |a GC 
958 |a OND 
958 |a EUIPO 
999 |c 596351  |d 598281 
952 |a SNK  |b SNK  |y PREZ  |7 0  |p 17A1412362  |o snkSP 143826  |i snk5134/90  |0 0  |1 0  |4 0  |d 2020-11-09  |f 1  |l 0  |r 2026-02-23 15:39:37  |w 2026-02-23 
952 |a SNK  |b SNK  |y PREZ  |7 0  |p 17A1412361  |o snkSP 143826 D1  |i snk5135/90  |0 0  |1 0  |4 0  |d 2020-11-09  |l 0  |r 2026-02-23 15:39:37  |w 2026-02-23